| 000 | 01246cam a22003374a 4500 | ||
|---|---|---|---|
| 001 | 12201508 | ||
| 003 | NUST - PNEC | ||
| 005 | 20170116181049.0 | ||
| 008 | 001013s2001 paua b 001 0 eng | ||
| 010 | _a 00109963 | ||
| 020 | _a1587160498 | ||
| 040 |
_aDLC _cLIBRARY _dDLC |
||
| 042 | _apcc | ||
| 050 | 0 | 0 |
_aTD430 _b.D764 2001 |
| 082 | 0 | 0 | _a628.1 DRI |
| 100 | 1 | _aDrinan, Joanne. | |
| 245 | 1 | 0 |
_aWater & wastewater treatment : _ba guide for the nonengineering professional / _cJoanne E. Drinan ; associate editor, Nancy E. Whiting. |
| 246 | 3 | _aWater and wastewater treatment | |
| 260 |
_aLancaster, Pa. : _bTechnomic Pub. Co., _cc2001. |
||
| 300 |
_axv, 316 p. : _bill. ; _c24 cm. |
||
| 504 | _aIncludes bibliographical references and index. | ||
| 650 | 0 |
_aWater _xME |
|
| 650 | 0 |
_aSewage _xPurification. |
|
| 650 | 0 |
_aWater treatment plants _xManagement. |
|
| 650 | 0 |
_aSewage disposal plants _xManagement. |
|
| 700 | 1 | _aWhiting, Nancy E. | |
| 856 | 4 | 2 |
_3Publisher description _uhttp://www.loc.gov/catdir/enhancements/fy0646/00109963-d.html |
| 906 |
_a7 _bcbc _corignew _d2 _eepcn _f20 _gy-gencatlg |
||
| 942 |
_2ddc _cBK |
||
| 999 |
_c68333 _d68333 |
||